| 000 | 00763nam a2200217Ii 4500 | ||
|---|---|---|---|
| 003 | JO-AjNU | ||
| 008 | 230605s9999||||xx |||||||||||||| ||und|| | ||
| 017 | _a2010/10/3991 | ||
| 040 |
_aJO-AjNU _bara _erda _cJO-AjNU |
||
| 041 | _aara | ||
| 050 | 1 | 4 | _aHD37.A7.S539.2011 |
| 100 | 3 |
_aالشواورة،فيصل محمود, _eauthor _931622 |
|
| 245 | 0 | 0 | _aمبادىء ادارة الاعمال :من الالف الى الياء مفاهيم نظرية ومنطلقات عملية |
| 250 | _aط1 | ||
| 264 | 3 | 1 | _aعمان:دار المناهج للنشر والتوزيع،2011 |
| 300 | _a352ص | ||
| 336 |
_atext _btxt _2rdacontent |
||
| 337 |
_aunmediated _bn _2rdamedia |
||
| 338 |
_avolume _bnc _2rdacarrier |
||
| 650 | 4 |
_aادارة الاعمال _931623 |
|
| 999 |
_aA12668 _c16236 _d16236 |
||